00838nam a2200193Ia 4500003000400000005001700004008004100021020001800062040000900080082001900089100002400108245009900132260003700231300000900268942004400277952014700321952015900468999001700627OSt20200605143105.0190216s9999||||xx |||||||||||||| ||und|| a9780521543057 coclc a320.954bBRA/N aBrass, Paul R92536 0aThe New Cambridge History Of India :bThe Politics Of India Since Independence /cPaul R Brass bCambridge Uty Press,aUK:c2004. a403p cBK2ddch320.954iBRA/Nk320.954mBRA/N 00102ddc40708POLITICAL SCIENCEaMESbMEScPOLd2019-02-20g225.00l0o320.954 BRA/Np27114r2019-02-20 00:00:00t2w2019-02-20yBKzGL10R2 00102ddc40708POLITICAL SCIENCEaMESbMEScPOLd2019-02-20g250.00l3o320.954 BRA/Np29716r2025-03-04 09:22:30s2025-02-28t1w2019-02-20yBKzGL10R2 c21045d21045